Библиография Победы

“Убежден: опыт солидарности, партнерства в годы борьбы с общей угрозой — это наше бесценное наследие, прочная опора именно сейчас, когда набирает силу необратимое движение к более справедливому многополярному миру, основанному на принципах доверия и неделимой безопасности, равных возможностей для самобытного и свободного развития всех стран и народов.”

В.В. Путин

Да здравствует XXVII годовщина Великого Октября! (Запись № 89031)

Подробности
000 -МАРКЕР
контрольное поле 04423nkm0a2200601 4500
001 - ИДЕНТИФИКАТОР ЗАПИСИ
контрольное поле RU\NLR\BIBL_A\022619994
005 - ИДЕНТИФИКАТОР ВЕРСИИ
контрольное поле 20260204000000.0
035 ## - ДРУГИЕ СИСТЕМНЫЕ НОМЕРА
Идентификатор записи (NLR Aleph) 022619994
071 50 - ИЗДАТЕЛЬСКИЙ НОМЕР
Цена 10 коп.
100 ## - ДАННЫЕ ОБЩЕЙ ОБРАБОТКИ
Данные общей обработки 20250911d1944 u y0rusy50 ca
101 0# - ЯЗЫК РЕСУРСА
Язык текста, звукозаписи и т.д. русский
102 ## - СТРАНА ПУБЛИКАЦИИ ИЛИ ПРОИЗВОДСТВА
Страна публикации российская федерация
116 ## - ПОЛЕ КОДИРОВАННЫХ ДАННЫХ: ИЗОБРАЗИТЕЛЬНЫЕ МАТЕРИАЛЫ
Кодированные данные для изобразительных материалов. diycxx bk ae
135 ## - ПОЛЕ КОДИРОВАННЫХ ДАННЫХ: ЭЛЕКТРОННЫЕ РЕСУРСЫ
Кодированные данные для электронного ресурса crcn 024anaba
181 #0 - ПОЛЕ КОДИРОВАННЫХ ДАННЫХ: ВИД СОДЕРЖАНИЯ
Код вида содержания (ISBD) b4
Код характеристики содержания (ISBD) xb2e
182 #0 - ПОЛЕ КОДИРОВАННЫХ ДАННЫХ: ТИП СРЕДСТВА
Код типа средства (ISBD) n - непосредственное
200 1# - ЗАГЛАВИЕ И СВЕДЕНИЯ ОБ ОТВЕТСТВЕННОСТИ
Основное заглавие Да здравствует XXVII годовщина Великого Октября!
Сведения, относящиеся к заглавию воинское
-- [почтовая карточка]
203 ## - ВИД СОДЕРЖАНИЯ И ТИП СРЕДСТВА
Вид содержания Изображение
Дополнительные сведения об издании неподвижное
-- двухмерное
-- визуальное
Тип средства непосредственное
210 ## - ПУБЛИКАЦИЯ, РАСПРОСТРАНЕНИЕ И ДР.
Место издания, распространения и т.д. [Москва?
Имя издателя, распространителя и т. д. б. и.
Дата издания, распространения и т.д. 1944]
215 ## - ФИЗИЧЕСКАЯ ХАРАКТЕРИСТИКА
Специфическое обозначение материала и объем 1 л.
Другие сведения о физической характеристике цв. цинкогр.
Размеры 10,1х14,6
300 ## - ОБЩИЕ ПРИМЕЧАНИЯ
Текст примечания На почтовой карточке также текст: "Смерть немецким захватчикам!", сведения о заказчике - Управлении военно-полевой почты: "По заказу УВПП"
300 ## - ОБЩИЕ ПРИМЕЧАНИЯ
Текст примечания Художник - И. Кин установлен по открытке под тем же загл., выпущенной издательством "Советский график" Всекохудожника по заказу УВПП
300 ## - ОБЩИЕ ПРИМЕЧАНИЯ
Текст примечания Ценз. разрешение: Г-14.9.44
309 ## - ПРИМЕЧАНИЯ ОБ ОСНОВНОМ ИСТОЧНИКЕ ИНФОРМАЦИИ И ОБ ОСОБЕННОСТЯХ ПОЛИГРАФИЧЕСКОГО ОФОРМЛЕНИЯ ИЗДАНИЯ
Текст примечания Односторонняя почтовая карточка
325 ## - ПРИМЕЧАНИЕ О КОПИИ
Текст примечания Копия доступна в Электрон. б-ке РНБ
327 0# - ПРИМЕЧАНИЯ О СОДЕРЖАНИИ
Текст примечания Советские знамена, в центре лавровые ветви, ленты и пятиконечная звезда с серпом и молотом в центре
532 11 - РАСШИРЕННОЕ ЗАГЛАВИЕ
Заглавие Да здравствует двадцать седьмая годовщина Великого Октября!
606 1# - НАИМЕНОВАНИЕ ТЕМЫ КАК ПРЕДМЕТ
Наименование темы Почтовые открытки маркированные художественные
Географический подзаголовок СССР
Хронологический подзаголовок 1941 - 1945
Код системы nlr_sh2
Идентификатор авторитетной/нормативной записи RU\NLR\AUTH\661531868
606 1# - НАИМЕНОВАНИЕ ТЕМЫ КАК ПРЕДМЕТ
Наименование темы Великая Октябрьская социалистическая революция
Хронологический подзаголовок 1917
Тематический подзаголовок Годовщины
Хронологический подзаголовок 1944
Формальный подзаголовок Открытки
Код системы nlr_sh2
Идентификатор авторитетной/нормативной записи RU\NLR\AUTH\6601684088
610 1# - НЕКОНТРОЛИРУЕМЫЕ ПРЕДМЕТНЫЕ ТЕРМИНЫ
Предметный термин Поздравительные открытки
610 1# - НЕКОНТРОЛИРУЕМЫЕ ПРЕДМЕТНЫЕ ТЕРМИНЫ
Предметный термин Открытки к 7 Ноября
610 1# - НЕКОНТРОЛИРУЕМЫЕ ПРЕДМЕТНЫЕ ТЕРМИНЫ
Предметный термин Односторонние почтовые карточки
686 1# - ИНДЕКСЫ ДРУГИХ КЛАССИФИКАЦИЙ
Индекс Щ153(2)7-489
700 #1 - ИМЯ ЛИЦА - ПЕРВИЧНАЯ ОТВЕТСТВЕННОСТЬ
Начальный элемент ввода Кин
Часть имени, кроме начального элемента ввода И.
Код отношения Карикатурист, Художник
712 01 - НАИМЕНОВАНИЕ ОРГАНИЗАЦИИ - ВТОРИЧНАЯ ОТВЕТСТВЕННОСТЬ
Начальный элемент ввода СССР
Структурное подразделение Главное управление связи Красной Армии
-- Управление военно-полевой почты
Идентификатор авторитетной/нормативной записи RU\NLR\AUTH\880618205
Код отношения Прочие
830 ## - ОБЩЕЕ ПРИМЕЧАНИЕ, СОСТАВЛЕННОЕ КАТАЛОГИЗАТОРОМ
Текст примечания Кин И.: см. БЗ 022372734. АЯ ОЭФ
830 ## - ОБЩЕЕ ПРИМЕЧАНИЕ, СОСТАВЛЕННОЕ КАТАЛОГИЗАТОРОМ
Текст примечания Кин И.: http://painters.artunion.ru/2-11-2.htm (05.11.2024) - нет. Возможно, одно лицо с художником: Янис Кинс (1909-1969): https://www.antonia.lv/ru/aukcion/61/lot-210-janis-kins-1909-1969; Кинс Янис Юрьевич: https://www.rgali.ru/person/609915; Кин (Кинс) Янис Юрьевич / 21.01.1969 /: http://painters.artunion.ru/2-11-2.htm (05.11.2024). Кин Ян Юрьевич: Выставки советского изобразительного искусства. Москва : Советский художник, 1978. Т. 3. С. 458. ЭК РНБ: Кин, Ян Юрьевич. АЯ ОЭФ
830 ## - ОБЩЕЕ ПРИМЕЧАНИЕ, СОСТАВЛЕННОЕ КАТАЛОГИЗАТОРОМ
Текст примечания "Jānis Kīns Roles: artist, graphic artist, illustrator 03.07.1909 – 21.01.1969": https://www.literatura.lv/en/persons/janis-kins (05.11.2024). АЯ ОЭФ
830 ## - ОБЩЕЕ ПРИМЕЧАНИЕ, СОСТАВЛЕННОЕ КАТАЛОГИЗАТОРОМ
Текст примечания Летопись изоизданий: техника печати - цинкография штрих. АЯ ОЭФ
852 00 - МЕСТОНАХОЖДЕНИЕ И ШИФР ХРАНЕНИЯ
Идентификатор организации NLR
Наименование фонда или коллекции (Sub-Location Identifier) Э
Шифр хранения (Call Number) О-ПК-3/1944-К
Идентификатор единицы Эот100956
856 #0 - МЕСТОНАХОЖДЕНИЕ ЭЛЕКТРОННЫХ РЕСУРОВ И ДОСТУП К НИМ
Универсальный идентификатор ресурса (Uniform Resource Identifier) https://vivaldi.nlr.ru/lo500003963/view
856 #1 - МЕСТОНАХОЖДЕНИЕ ЭЛЕКТРОННЫХ РЕСУРОВ И ДОСТУП К НИМ
Универсальный идентификатор ресурса (Uniform Resource Identifier) https://vivaldi.nlr.ru/lo500003963/cover
856 #2 - МЕСТОНАХОЖДЕНИЕ ЭЛЕКТРОННЫХ РЕСУРОВ И ДОСТУП К НИМ
Универсальный идентификатор ресурса (Uniform Resource Identifier) https://vivaldi.nlr.ru/lo500003963/text
901 ## - ДАННЫЕ ОБ ОБЪЕКТЕ ОЦИФРОВКИ
-- Изографические материалы
942 ## - ДОПОЛНИТЕЛЬНЫЕ ЭЛЕМЕНТЫ ЗАПИСИ (АБИС)
Тип экземпляра АБИС Визуальный материал
945 ## - Информацию об издании предоставили:
Полное название организации, предоставившей материал Российская национальная библиотека
980 ## - КОЛЛЕКЦИЯ
Название коллекции Национальная библиография
980 ## - КОЛЛЕКЦИЯ
Название коллекции Библиография Победы
981 17 - КОЛЛЕКЦИЯ ЭЛЕКТРОННОЙ БИБЛИОТЕКИ
Название коллекции Изографические материалы
Название подколлекции Открытки

Нет доступных экземпляров.